Orc Tribes in Middle-earth Shadow of War - Statistics

General Stats
  • This quiz has been taken 191 times
  • The average score is 7 of 9
Answer Stats
Tribe % Correct
Dark Tribe
88%
Feral Tribe
86%
Machine Tribe
84%
Mystic Tribe
82%
Marauder Tribe
81%
Slaughter Tribe
81%
Warmonger Tribe
81%
Terror Tribe
79%
Outlaw Tribe
77%
No matching quizzes found
Score Distribution
Percent of People with Each Score
Percentile by Number Answered
Your Score History
You have not taken this quiz